000 00748cam a2200253u 4500
999 _c532678
_d532678
001 6005243
003 NUST
005 20191128094313.0
008 810317s1946 enk 000 0 eng
010 _a 47001098
038 _aMuhammad Ibrahim
040 _aDLC
_cCarP
_dDLC
050 0 0 _aU102
_b.F84 1946
082 _a355.09
_bFUL 1946
100 1 _aFuller, J. F. C.
_q(John Frederick Charles),
_d1878-1966.
_926284
245 0 0 _aArmament and history,
_cJ. F. C Fuller
260 _aLondon,
_bTyre & Spottiswoode,
_c1946.
300 _axiv, 224 p.
_c21 cm
650 0 _aMilitary weapons.
_926285
650 0 _aMilitary history.
_91735
650 0 _aHistory.
_93046
906 _a0
_bcbc
_cpremunv
_du
_encip
_f19
_gy-gencatlg
942 _2ddc
_cBK